Normal view
MARC view
Entry Personal Name
001 - CONTROL NUMBER
- control field: 20781
003 - CONTROL NUMBER IDENTIFIER
- control field: dpl
005 - DATE AND TIME OF LATEST TRANSACTION
- control field: 20100920122619.0
008 - FIXED-LENGTH DATA ELEMENTS
- fixed length control field: 100920|||a|||||| | ||| d
040 ## - CATALOGING SOURCE
- Original cataloging agency: dpl
- Transcribing agency: dpl
100 ## - HEADING--PERSONAL NAME
- Personal name: मिश्र, विनोद कुमार
670 ## - SOURCE DATA FOUND
- Source citation: Work cat.: (dpl)32889: मिश्र, विनोद कुमार, वैज्ञानिकों का बचपन /, 2009
670 ## - SOURCE DATA FOUND
- Source citation: Work cat.: (dpl)32889: मिश्र, विनोद कुमार, वैज्ञानिकों का बचपन /, 2009
